Štefan Németh-Šamorínsky: Bratislavská omša (Missa Posoniensis) pre sóla, miešaný zbor, organ a orchester 100 rokov slovenskej hudby

Bibliographic Details
Main Author: Chalupka, Ľubomír, 1945-2020 (Author)
Format: Article
Language:Slovak
PhysicalDescription:Fotogr., obr.
ISSN:1335-4140
Subjects:

MARC

LEADER 00000nab a2200000 a 4500
001 vtls000724314
003 SK-MaSNL
005 20260305021213.0
008 250429c2000 xo 0 slo
015 |a SNBRB2000/06-16595 
035 |a CLN000076478 
035 |a urn:nbn:sk:snk-ab235q 
035 |a (urnnbn)urn:nbn:sk:snk:ar-a01hau 
035 |a (uuid)9cc7e114-716d-40b3-9955-a487537c43e6 
040 |a SNKBUCL  |b slo  |c SNKBUCL  |e AACR2 
041 0 |a slo 
044 |a xo  |c SK 
080 |a 78.071.1  |2 1997 
080 |a 783  |2 1997 
080 |a 929 Németh-Šamorínsky, Štefan  |2 1997 
080 |a 785.11  |2 1997 
100 1 |a Chalupka, Ľubomír,  |d 1945-2020  |4 aut  |9 196600 
245 1 0 |a Štefan Németh-Šamorínsky: Bratislavská omša (Missa Posoniensis) pre sóla, miešaný zbor, organ a orchester  |b 100 rokov slovenskej hudby  |c Ľubomír Chalupka 
300 |b Fotogr., obr. 
504 |a Bibliogr. odkazy 
600 1 7 |a Németh-Šamorínsky, Štefan,  |d 1896-1975  |2 snkbucl  |9 38525 
600 2 7 |a Németh-Šamorínsky, Štefan,  |d 1896-1975  |t Bratislavská omša  |2 snkbucl  |9 1226671 
655 7 |a články z novín a časopisov  |2 snkbucl  |9 267496 
773 0 |t Hudobný život  |g Roč. 32, č. 4 (2000), s. 11-14  |x 1335-4140 
850 |a Slovenská národná knižnica 
852 |a Slovenská národná knižnica 
954 |a odborná, vedecká literatúra pôvodná (slovenská)  |2 lita 
958 |a article27 
958 |a OND 
958 |a SK 
958 |a BX 
958 |a EUIPO 
992 |a RBX 
999 |c 3284366  |d 3286296